| 000 | 00442nam a2200157 a 4500 | ||
|---|---|---|---|
| 082 | 0 | 0 |
_a291.178344 _bCAR |
| 100 | _aCarmody, Denise Lardner | ||
| 245 | _aReligious Woman: Contemporary Reflection on Eastern texts | ||
| 260 |
_aNew York _bCross Road Publications _c1991 |
||
| 300 | _a143p | ||
| 500 | _aincludes index and biblioraphy | ||
| 505 | 2 | _aIndex | |
| 650 | _aWomen and Religion | ||
| 700 | 1 | _aCarmody, Denise Lardner | |
| 942 | _cBK | ||
| 999 |
_c10841 _d10841 |
||